[Event "Oberliga Ost-B 2122"]
[Site "Germany"]
[Date "2022.07.02"]
[Round "6.2"]
[White "Marchio, Enrico"]
[Black "Jakob, Matthias"]
[Result "0-1"]
[WhiteElo "2305"]
[BlackElo "2108"]
[PlyCount "108"]
[EventDate "2021.10.10"]
[EventType "team-tourn"]
[EventRounds "11"]
[EventCountry "GER"]
[SourceTitle "EXT 2023"]
[Source "ChessBase"]
[SourceDate "2022.10.05"]
[SourceVersion "1"]
[SourceVersionDate "2022.10.05"]
[SourceQuality "1"]
[WhiteTeam "Schoeneck"]
[BlackTeam "Erfurt Medizin"]
[WhiteTeamCountry "GER"]
[BlackTeamCountry "GER"]

1. Nf3 Nc6 2. c4 e5 3. Nc3 f5 4. d4 e4 5. Nd2 Nf6 6. e3 Bb4 7. Nd5 Nxd5 8. cxd5 Ne7 9. Bc4 a6 10. f3 exf3 11. Qxf3 d6 12. 0-0 Bxd2 13. Bxd2 0-0 14. Rf2 b5 15. Bb3 Bb7 16. Raf1 Qe8 17. Ba5 Rc8 18. Rc2 Qf7 19. Rxc7 Rxc7 20. Bxc7 Bxd5 21. Bxd6 Bxb3 22. axb3 Rd8 23. Bc5 Qe6 24. h3 g6 25. g4 Re8 26. gxf5 Nxf5 27. d5 Qe5 28. b4 a5 29. bxa5 Qxb2 30. Bb6 Qe5 31. e4 Qxe4 32. Qxe4 Rxe4 33. Rxf5 gxf5 34. d6 Re1+ 35. Kf2 Rd1 36. Bc5 Kf7 37. a6 Ke6 38. a7 Ra1 39. Ke3 Ra4 40. Kd3 Kd7 41. Ke3 Kc6 42. Kd3 f4 43. Kd2 Kb7 44. Kd3 h6 45. Kd2 Kc6 46. Kd3 h5 47. Kd2 Ra2+ 48. Kd3 f3 49. Ke4 f2 50. Bxf2 Kxd6 51. Bb6 Ra4+ 52. Kd3 Kc6 53. Bf2 Kb7 54. h4 Rf4 0-1

[Event "Oberliga Ost-B 1920"]
[Site "Germany"]
[Date "2021.07.18"]
[Round "11.1"]
[White "Marchio, Enrico"]
[Black "Kunin, Vitaly L"]
[Result "1/2-1/2"]
[WhiteElo "2292"]
[BlackElo "2550"]
[PlyCount "104"]
[EventDate "2019.09.29"]
[EventType "team-tourn"]
[EventRounds "11"]
[EventCountry "GER"]
[SourceTitle "EXT 2023"]
[Source "ChessBase"]
[SourceDate "2022.10.05"]
[SourceVersion "1"]
[SourceVersionDate "2022.10.05"]
[SourceQuality "1"]
[WhiteTeam "Schoeneck"]
[BlackTeam "Moerlenbach Birkenau"]
[WhiteTeamCountry "GER"]
[BlackTeamCountry "GER"]

1. Nf3 Nf6 2. c4 e6 3. Nc3 Bb4 4. g3 0-0 5. Bg2 d5 6. cxd5 exd5 7. a3 Bxc3 8. dxc3 c6 9. 0-0 Bf5 10. Bg5 h6 11. Bxf6 Qxf6 12. Qd4 Qe7 13. Rfe1 Na6 14. e4 Bxe4 15. Nd2 Qc5 16. Qxc5 Nxc5 17. Nxe4 dxe4 18. Bxe4 Rad8 19. Bc2 Rd2 20. Rac1 Rfd8 21. Kf1 g5 22. Red1 Kg7 23. Rxd2 Rxd2 24. Ke1 Rd6 25. Rd1 Rxd1+ 26. Kxd1 Kf6 27. Ke2 Nd7 28. f4 gxf4 29. gxf4 Nb6 30. Bb3 Nc8 31. Bc2 Nd6 32. Bd3 c5 33. Ke3 Ke6 34. Kf3 f5 35. c4 Nc8 36. Ke3 Ne7 37. Be2 b6 38. Bf3 Kf6 39. Kd3 Ng6 40. Ke3 Ke7 41. Bb7 Nf8 42. Bc8 Ne6 43. Bxe6 Kxe6 44. b3 Kf6 45. Kf3 Kg6 46. Kg3 a6 47. Kh4 Kg7 48. Kh5 b5 49. a4 bxa4 50. bxa4 a5 51. h3 Kh7 52. h4 Kg7 1/2-1/2

[Event "Oberliga Ost-B 1920"]
[Site "Germany"]
[Date "2021.07.17"]
[Round "10.1"]
[White "Mazurek, Robert"]
[Black "Marchio, Enrico"]
[Result "1/2-1/2"]
[WhiteElo "2215"]
[BlackElo "2292"]
[PlyCount "104"]
[EventDate "2019.09.29"]
[EventType "team-tourn"]
[EventRounds "11"]
[EventCountry "GER"]
[SourceTitle "EXT 2023"]
[Source "ChessBase"]
[SourceDate "2022.10.05"]
[SourceVersion "1"]
[SourceVersionDate "2022.10.05"]
[SourceQuality "1"]
[WhiteTeam "Gernsheim"]
[BlackTeam "Schoeneck"]
[WhiteTeamCountry "GER"]
[BlackTeamCountry "GER"]

1. d4 d5 2. c4 e5 3. dxe5 d4 4. a3 Nc6 5. Nf3 Be6 6. e3 dxe3 7. Qxd8+ Rxd8 8. Bxe3 Nge7 9. Nc3 Nf5 10. Bg5 Be7 11. Bxe7 Kxe7 12. Be2 Nfd4 13. Nxd4 Rxd4 14. 0-0 Nxe5 15. b3 g5 16. Rad1 Rxd1 17. Rxd1 Rd8 18. Nb5 Rxd1+ 19. Bxd1 c6 20. Nd4 c5 21. Nxe6 Kxe6 22. Kf1 f5 23. Ke2 Nc6 24. Kd3 b6 25. Kc3 a5 26. Bf3 Nd4 27. Bd1 Ke5 28. Kd3 f4 29. g3 f3 30. Ke3 g4 31. a4 h5 32. Kd2 Kf5 33. Bc2+ Kg5 34. Bd1 h4 35. Bc2 hxg3 36. hxg3 Kf6 37. Bd1 Ke5 38. Ke3 Nf5+ 39. Kd3 Nd4 40. Ke3 Kf5 41. Kd3 Nc6 42. Bc2 Nb4+ 43. Kc3+ Ke5 44. Bb1 Nc6 45. Kd3 Nd4 46. Bc2 Nf5 47. Bd1 Nd6 48. Ke3 Ne4 49. Bc2 Nc3 50. Kd3 Ne2 51. Ke3 Nc3 52. Kd3 Ne4 1/2-1/2

[Event "Oberliga Ost-B 1920"]
[Site "Germany"]
[Date "2020.02.29"]
[Round "8.2"]
[White "Marchio, Enrico"]
[Black "Nguyen, Huy Dat"]
[Result "1-0"]
[WhiteElo "2292"]
[BlackElo "2176"]
[PlyCount "83"]
[EventDate "2019.09.29"]
[EventType "team-tourn"]
[EventRounds "11"]
[EventCountry "GER"]
[SourceTitle "EXT 2023"]
[Source "ChessBase"]
[SourceDate "2022.10.05"]
[SourceVersion "1"]
[SourceVersionDate "2022.10.05"]
[SourceQuality "1"]
[WhiteTeam "Schoeneck"]
[BlackTeam "Erfurt Medizin"]
[WhiteTeamCountry "GER"]
[BlackTeamCountry "GER"]

1. Nf3 Nf6 2. c4 d6 3. g3 e5 4. Bg2 Be7 5. d4 Nbd7 6. Nc3 c6 7. Qc2 0-0 8. 0-0 Qc7 9. Rd1 Re8 10. e4 a6 11. Be3 b6 12. h3 Bb7 13. Rac1 g6 14. Nd2 Rad8 15. a3 Bf8 16. b4 exd4 17. Bxd4 Bh6 18. f4 c5 19. Nd5 Nxd5 20. cxd5 Rc8 21. Ba1 Bg7 22. Bxg7 Kxg7 23. Qb2+ Kg8 24. a4 Rb8 25. b5 Qd8 26. Nc4 Nf6 27. e5 dxe5 28. fxe5 Nh5 29. Rd3 Qg5 30. h4 Qg4 31. Qf2 f6 32. e6 Rbd8 33. Qf3 Qxf3 34. Bxf3 Nxg3 35. Re1 axb5 36. axb5 Nf5 37. Nxb6 Nd4 38. Bg2 Rd6 39. Nd7 Rxd7 40. exd7 Rxe1+ 41. Kh2 Nf5 42. d8Q+ 1-0

[Event "Oberliga Ost-B 1819"]
[Site "Germany"]
[Date "2019.04.07"]
[Round "11.3"]
[White "Schneider, Christian1"]
[Black "Marchio, Enrico"]
[Result "1-0"]
[WhiteElo "2205"]
[BlackElo "2308"]
[PlyCount "75"]
[EventDate "2018.10.21"]
[EventType "team-tourn"]
[EventRounds "11"]
[EventCountry "GER"]
[SourceTitle "EXT 2020"]
[Source "ChessBase"]
[SourceDate "2019.10.17"]
[SourceVersion "1"]
[SourceVersionDate "2019.10.17"]
[SourceQuality "1"]
[WhiteTeam "Stadtilm Blau Weiss"]
[BlackTeam "Schoeneck"]
[WhiteTeamCountry "GER"]
[BlackTeamCountry "GER"]

1. c4 b6 2. Nc3 e6 3. Nf3 Bb7 4. e3 f5 5. b3 Nf6 6. Bb2 Be7 7. Be2 0-0 8. 0-0 Qe8 9. Ne1 e5 10. Nb5 Bd8 11. d4 d6 12. dxe5 dxe5 13. Qc2 Be4 14. Bd3 Nc6 15. Bxe4 Nxe4 16. Ba3 Rf7 17. f3 Ng5 18. Rd1 e4 19. f4 Ne6 20. g4 fxg4 21. Qxe4 Bf6 22. Nc2 a6 23. Nd6 cxd6 24. Rxd6 Rc8 25. Rxe6 Qd7 26. Rd6 Qc7 27. Rfd1 h5 28. Qg6 b5 29. R6d5 b4 30. Bxb4 Nxb4 31. Nxb4 Qb6 32. Nc2 Re8 33. Rd7 Rxe3 34. Qxf7+ Kh7 35. Qxh5+ Kg8 36. c5 Qe6 37. Rd8+ Bxd8 38. Rxd8+ 1-0

[Event "Oberliga Ost-B 1819"]
[Site "Germany"]
[Date "2019.03.24"]
[Round "9.2"]
[White "Marchio, Enrico"]
[Black "Chandler, Patrick"]
[Result "1-0"]
[WhiteElo "2308"]
[BlackElo "2144"]
[PlyCount "105"]
[EventDate "2018.10.21"]
[EventType "team-tourn"]
[EventRounds "11"]
[EventCountry "GER"]
[SourceTitle "EXT 2020"]
[Source "ChessBase"]
[SourceDate "2019.10.17"]
[SourceVersion "1"]
[SourceVersionDate "2019.10.17"]
[SourceQuality "1"]
[WhiteTeam "Schoeneck"]
[BlackTeam "Nied Koenig"]
[WhiteTeamCountry "GER"]
[BlackTeamCountry "GER"]

1. Nf3 d6 2. d4 Bg4 3. e3 Nd7 4. h3 Bh5 5. c4 e5 6. Nc3 Be7 7. Be2 c6 8. 0-0 Bg6 9. b3 Nh6 10. e4 0-0 11. d5 Nc5 12. Bxh6 gxh6 13. Bd3 cxd5 14. cxd5 Nxd3 15. Qxd3 f5 16. Nd2 Rc8 17. Rae1 a6 18. a4 Bg5 19. Nc4 Rc7 20. a5 Rg7 21. f3 Bh4 22. Rc1 Qd7 23. Nb6 Qe7 24. Qe2 Bg3 25. Nc4 Bf4 26. Rc2 h5 27. Qe1 Kh8 28. Kh1 h4 29. exf5 Bxf5 30. Ne4 Bxe4 31. fxe4 Rfg8 32. Rf3 Rg6 33. Nb6 Qg5 34. Qf1 R6g7 35. Nc4 Qg6 36. Re2 Rf7 37. Ref2 Rfg7 38. Re2 Rf8 39. Qf2 Rfg8 40. Qf1 Qf6 41. Rc2 Rg5 42. Ne3 Qg6 43. Nf5 h6 44. Rxf4 exf4 45. Qa1+ Rg7 46. Nxg7 Qxg7 47. Rc8+ Kh7 48. Qxg7+ Kxg7 49. Rd8 Kf6 50. Rxd6+ Ke5 51. Re6+ Kd4 52. d6 f3 53. d7 1-0

[Event "BL2-Sued 1617"]
[Site "Germany"]
[Date "2017.02.05"]
[Round "5.4"]
[White "Lodici, Lorenzo"]
[Black "Marchio, Enrico"]
[Result "1-0"]
[WhiteElo "2358"]
[BlackElo "2309"]
[PlyCount "51"]
[EventDate "2016.10.16"]
[EventType "team-tourn"]
[EventRounds "9"]
[EventCountry "GER"]
[SourceTitle "EXT 2018"]
[Source "ChessBase"]
[SourceDate "2017.10.13"]
[SourceVersion "1"]
[SourceVersionDate "2017.10.13"]
[SourceQuality "1"]
[WhiteTeam "Emmendingen"]
[BlackTeam "Schoeneck"]
[WhiteTeamCountry "GER"]
[BlackTeamCountry "GER"]

1. d4 d5 2. c4 c6 3. Nc3 Nf6 4. Nf3 dxc4 5. e4 b5 6. e5 Nd5 7. a4 e6 8. Ng5 Be7 9. h4 Nxc3 10. bxc3 Bb7 11. Qh5 Bxg5 12. Bxg5 Qd7 13. Qg4 Na6 14. h5 Nc7 15. Bh4 g6 16. Be2 Nd5 17. Qg3 a6 18. Bg5 Rf8 19. hxg6 hxg6 20. Rh7 Nb6 21. Qh3 Qc7 22. Bg4 Nxa4 23. Bxe6 Bc8 24. Rh8 Bxe6 25. Rxf8+ Kd7 26. Rxf7+ 1-0

[Event "BL2-West 1415"]
[Site "Germany"]
[Date "2014.10.19"]
[Round "2.5"]
[White "Smit, Erik"]
[Black "Marchio, Enrico"]
[Result "0-1"]
[WhiteElo "2194"]
[BlackElo "2338"]
[PlyCount "174"]
[EventDate "2014.09.21"]
[EventType "team-tourn"]
[EventRounds "9"]
[EventCountry "GER"]
[SourceTitle "CBM 166 Extra"]
[Source "ChessBase"]
[SourceDate "2015.06.18"]
[SourceVersion "1"]
[SourceVersionDate "2015.06.18"]
[SourceQuality "1"]
[WhiteTeam "Emsdetten Turm II"]
[BlackTeam "Schoeneck"]
[WhiteTeamCountry "GER"]
[BlackTeamCountry "GER"]

1. d4 e6 2. c4 b6 3. Nc3 Bb7 4. a3 Nf6 5. Nf3 Be7 6. Qc2 c5 7. e3 Bxf3 8. gxf3 cxd4 9. exd4 0-0 10. Be3 d5 11. cxd5 exd5 12. Rc1 a6 13. Rg1 Re8 14. Be2 Nbd7 15. Qf5 Nf8 16. f4 b5 17. Bf3 Rc8 18. Ke2 Ne6 19. Nxd5 Nxd5 20. Qxd5 Bxa3 21. Rxc8 Qxc8 22. Kf1 Bxb2 23. f5 Nf8 24. Be2 Qc7 25. Rg3 Rd8 26. Qe4 Qd6 27. Rg4 Nd7 28. Bg5 Nf6 29. Bxf6 Qxf6 30. d5 Bc3 31. Rg3 b4 32. Bc4 Qd6 33. Re3 g6 34. fxg6 hxg6 35. h4 Kg7 36. h5 a5 37. hxg6 fxg6 38. Qg4 Qf6 39. Re6 Qf5 40. Re7+ Kf8 41. Qxf5+ gxf5 42. Ra7 Rc8 43. Bb3 Bd4 44. Rxa5 Rc3 45. Bd1 b3 46. d6 b2 47. Rxf5+ Kg7 48. Rb5 Rc1 49. d7 Bf6 50. d8Q Bxd8 51. Rxb2 Rxd1+ 52. Ke2 Rd5 53. f4 Bf6 54. Rb4 Kg6 55. Kf3 Kf5 56. Ra4 Rd3+ 57. Ke2 Rh3 58. Rb4 Bg7 59. Rb5+ Kxf4 60. Rb4+ Kf5 61. Ra4 Be5 62. Rb4 Bf4 63. Ra4 Re3+ 64. Kf2 Kg4 65. Rd4 Re5 66. Rd8 Bg3+ 67. Kg2 Re2+ 68. Kf1 Rf2+ 69. Kg1 Rc2 70. Kf1 Bh4 71. Rd4+ Kf3 72. Rd3+ Ke4 73. Ra3 Be7 74. Rh3 Bc5 75. Rh4+ Kd3 76. Rh8 Rf2+ 77. Ke1 Rg2 78. Rd8+ Bd4 79. Rf8 Rg7 80. Rf3+ Be3 81. Rf8 Rg1+ 82. Rf1 Rg8 83. Rf7 Bc5 84. Rf3+ Be3 85. Rf7 Ra8 86. Rd7+ Bd4 87. Kf1 Rg8 0-1

[Event "BL2-Sued 1314"]
[Site "Germany"]
[Date "2013.10.13"]
[Round "1.5"]
[White "Marchio, Enrico"]
[Black "Dinger, Florian"]
[Result "1/2-1/2"]
[WhiteElo "2329"]
[BlackElo "2359"]
[PlyCount "113"]
[EventDate "2013.10.13"]
[EventType "team-tourn"]
[EventRounds "9"]
[EventCountry "GER"]
[SourceTitle "EXT 2015"]
[Source "ChessBase"]
[SourceDate "2014.11.20"]
[SourceVersion "1"]
[SourceVersionDate "2014.11.20"]
[SourceQuality "1"]
[WhiteTeam "Schoeneck"]
[BlackTeam "Baden-Baden II"]
[WhiteTeamCountry "GER"]
[BlackTeamCountry "GER"]

1. Nf3 Nf6 2. c4 b6 3. g3 c5 4. Bg2 Bb7 5. Nc3 d6 6. 0-0 Nbd7 7. Re1 a6 8. e4 e5 9. d3 g6 10. Rb1 a5 11. a3 Bc6 12. b4 axb4 13. axb4 Be7 14. Re2 0-0 15. Nd5 Re8 16. Reb2 Ra7 17. Nd2 Nf8 18. Bh3 Ne6 19. Bxe6 fxe6 20. Nxf6+ Bxf6 21. bxc5 bxc5 22. Qg4 Kg7 23. h4 h6 24. Nf1 Qe7 25. Ne3 Rea8 26. Rb6 Ra6 27. Qf3 Rxb6 28. Rxb6 Rc8 29. Ng4 h5 30. Bh6+ Kf7 31. Qxf6+ Qxf6 32. Nxf6 Kxf6 33. Bf8 Bxe4 34. dxe4 Rxf8 35. Rxd6 Ra8 36. Rc6 Ra5 37. Rc7 Ra1+ 38. Kg2 Ra5 39. Kh3 Ra2 40. Kg2 Ra5 41. Kh3 Ra2 42. Rc8 Rc2 43. Rxc5 Rxf2 44. Rc8 Re2 45. c5 Rxe4 46. c6 Rc4 47. c7 Kg7 48. Kg2 Rc3 49. Kf2 e4 50. Ke2 e3 51. Re8 Rxc7 52. Rxe6 Kf7 53. Rxe3 Kf6 54. Kf3 Kf5 55. Ra3 Rc5 56. Rb3 Ra5 57. Rc3 1/2-1/2

[Event "BL2-West 1112"]
[Site "Germany"]
[Date "2011.11.20"]
[Round "3.5"]
[White "Schmidt, Bodo"]
[Black "Marchio, Enrico"]
[Result "1/2-1/2"]
[WhiteElo "2355"]
[BlackElo "2345"]
[PlyCount "104"]
[EventDate "2011.10.02"]
[EventType "team-tourn"]
[EventRounds "9"]
[EventCountry "GER"]
[SourceTitle "EXT 2015"]
[Source "ChessBase"]
[SourceDate "2014.11.20"]
[SourceVersion "1"]
[SourceVersionDate "2014.11.20"]
[SourceQuality "1"]
[WhiteTeam "Godesberg"]
[BlackTeam "Schoeneck"]
[WhiteTeamCountry "GER"]
[BlackTeamCountry "GER"]

1. d4 d5 2. c4 c6 3. cxd5 cxd5 4. Nc3 Nf6 5. Bf4 Nc6 6. e3 e6 7. Nf3 Be7 8. h3 a6 9. Bd3 b5 10. 0-0 Bb7 11. Rc1 0-0 12. Ne5 Nxe5 13. Bxe5 Nd7 14. Bg3 Qa5 15. Bb1 Rfc8 16. Qd3 g6 17. h4 b4 18. Ne2 Bc6 19. Qd2 Bb5 20. Rxc8+ Rxc8 21. Rc1 Rxc1+ 22. Nxc1 h5 23. Bf4 Qd8 24. g3 Nb6 25. Nd3 Qc8 26. Ne5 Nc4 27. Qc2 Qe8 28. Kg2 a5 29. Qc1 Bf6 30. Nf3 e5 31. dxe5 Nxe5 32. Nxe5 Bxe5 33. Bxe5 Qxe5 34. Qd2 Qc7 35. Bd3 Bxd3 36. Qxd3 Qc4 37. Qb1 Qe2 38. Qc1 d4 39. exd4 Qe4+ 40. Kg1 Qxd4 41. Qc2 Kg7 42. b3 Qc3 43. Qe2 Qc1+ 44. Kg2 Qc6+ 45. Kg1 Qd5 46. Qb2+ f6 47. Qe2 Kf7 48. Qa6 g5 49. hxg5 fxg5 50. Qe2 g4 51. Qe3 Kg6 52. Kf1 Qd1+ 1/2-1/2

[Event "BL2-West 1011"]
[Site "Germany"]
[Date "2010.10.24"]
[Round "2.5"]
[White "Marchio, Enrico"]
[Black "Mainka, Romuald"]
[Result "0-1"]
[WhiteElo "2336"]
[BlackElo "2483"]
[PlyCount "82"]
[EventDate "2010.10.10"]
[EventType "team-tourn"]
[EventRounds "9"]
[EventCountry "GER"]
[SourceTitle "EXT 2012"]
[Source "ChessBase"]
[SourceDate "2011.11.24"]
[SourceVersion "1"]
[SourceVersionDate "2011.11.24"]
[SourceQuality "1"]
[WhiteTeam "Schoeneck"]
[BlackTeam "Dortmund Hansa"]
[WhiteTeamCountry "GER"]
[BlackTeamCountry "GER"]

1. Nf3 e6 2. c4 c5 3. d4 cxd4 4. Nxd4 a6 5. Nc3 Qc7 6. e3 Nf6 7. Be2 Be7 8. 0-0 0-0 9. Bd2 b6 10. Rc1 Bb7 11. Bf3 Bxf3 12. Qxf3 Nc6 13. Nxc6 dxc6 14. e4 Bd6 15. g3 Be5 16. Qe2 c5 17. f4 Bd4+ 18. Kg2 Qb7 19. Rfe1 Ne8 20. Qf3 Nd6 21. b3 f6 22. Ne2 e5 23. Nxd4 cxd4 24. f5 a5 25. g4 a4 26. Bb4 Rfd8 27. Rc2 Qc6 28. h4 Nb7 29. g5 Nc5 30. Kh3 d3 31. Rg2 axb3 32. axb3 fxg5 33. hxg5 Nxb3 34. g6 h6 35. Be7 Rd7 36. f6 gxf6 37. Bxf6 Nd4 38. Qg4 d2 39. Rxd2 Ra3+ 40. Kg2 Qxf6 41. Qxd7 Qf3+ 0-1

[Event "Oberliga Ost-B 0910"]
[Site "Germany"]
[Date "2010.03.21"]
[Round "9.2"]
[White "Bastian, Martin"]
[Black "Marchio, Enrico"]
[Result "1/2-1/2"]
[WhiteElo "2240"]
[BlackElo "2325"]
[PlyCount "116"]
[EventDate "2009.10.18"]
[EventType "team-tourn"]
[EventRounds "11"]
[EventCountry "GER"]
[SourceTitle "EXT 2011"]
[Source "ChessBase"]
[SourceDate "2010.11.26"]
[SourceVersion "1"]
[SourceVersionDate "2010.11.26"]
[SourceQuality "1"]
[WhiteTeam "Offenbach"]
[BlackTeam "Schoeneck"]
[WhiteTeamCountry "GER"]
[BlackTeamCountry "GER"]

1. e4 e6 2. d4 d5 3. e5 c5 4. c3 Nc6 5. Nf3 Qb6 6. a3 Bd7 7. b4 cxd4 8. cxd4 Rc8 9. Bb2 Na5 10. Nbd2 Nc4 11. Nxc4 dxc4 12. Rc1 Qa6 13. d5 exd5 14. Qxd5 Ne7 15. Qe4 b5 16. Be2 Qg6 17. Qxg6 hxg6 18. 0-0 Nd5 19. Rfd1 Nf4 20. Bf1 Be7 21. Nd4 g5 22. g3 Nh3+ 23. Bxh3 Rxh3 24. Re1 Rh6 25. Re3 a6 26. Rce1 g4 27. Bc3 Rd8 28. e6 Bxe6 29. a4 Rxd4 30. Bxd4 Bxb4 31. Rb1 Bd2 32. axb5 axb5 33. Rxb5 Bxe3 34. fxe3 Rh7 35. e4 Kd7 36. Rb8 Kc7 37. Ra8 Kb7 38. Rg8 Rh5 39. Rxg7 Ra5 40. Rg8 Ra3 41. Rg5 Rd3 42. Bg7 Re3 43. Kf2 Ra3 44. Rb5+ Kc6 45. Rb2 Rf3+ 46. Kg2 Re3 47. Kf2 Rf3+ 48. Kg2 f5 49. exf5 Rxf5 50. Rf2 Bd5+ 51. Kf1 Bf3 52. Ke1 Rf7 53. Bc3 Re7+ 54. Kd2 Kd5 55. h3 Ke4 56. hxg4 Rd7+ 57. Kc2 Ke3 58. Rd2 Bxg4 1/2-1/2

[Event "Oberliga Ost-B 0910"]
[Site "Germany"]
[Date "2010.01.23"]
[Round "6.3"]
[White "Marchio, Enrico"]
[Black "Schlamp, Robert"]
[Result "0-1"]
[WhiteElo "2325"]
[BlackElo "2337"]
[PlyCount "76"]
[EventDate "2009.10.18"]
[EventType "team-tourn"]
[EventRounds "11"]
[EventCountry "GER"]
[SourceTitle "EXT 2011"]
[Source "ChessBase"]
[SourceDate "2010.11.26"]
[SourceVersion "1"]
[SourceVersionDate "2010.11.26"]
[SourceQuality "1"]
[WhiteTeam "Schoeneck"]
[BlackTeam "Oberursel"]
[WhiteTeamCountry "GER"]
[BlackTeamCountry "GER"]

1. Nf3 d5 2. c4 e6 3. d4 Nf6 4. Nc3 Be7 5. Bg5 h6 6. Bxf6 Bxf6 7. cxd5 exd5 8. e3 0-0 9. Bd3 Re8 10. 0-0 c6 11. b4 Nd7 12. b5 Nf8 13. Qb3 Bg4 14. Nd2 Qd6 15. Na4 Bd8 16. Rfc1 cxb5 17. Qxb5 Re7 18. Nc5 Bb6 19. a4 Rc8 20. a5 Bxc5 21. dxc5 Qe5 22. Nb3 Ne6 23. Qb4 Qg5 24. h4 Qxh4 25. f3 Qg5 26. fxg4 Qxe3+ 27. Kh2 Qxd3 28. c6 Rcc7 29. Rc3 Qe2 30. Rac1 bxc6 31. Rxc6 Qe5+ 32. Kh1 Rxc6 33. Rxc6 Nf4 34. Qd2 Qg5 35. g3 Qxg4 36. gxf4 Re2 37. Rc8+ Kh7 38. Qd3+ g6 0-1

[Event "BL2-Ost 0809"]
[Site "Germany"]
[Date "2009.03.01"]
[Round "7.2"]
[White "Gavrikov, Viktor"]
[Black "Marchio, Enrico"]
[Result "1/2-1/2"]
[WhiteElo "2510"]
[BlackElo "2305"]
[PlyCount "112"]
[EventDate "2008.10.05"]
[EventType "tourn"]
[EventRounds "9"]
[EventCountry "GER"]
[SourceTitle "CBM 129 Extra"]
[Source "ChessBase"]
[SourceDate "2009.05.05"]
[SourceVersion "2"]
[SourceVersionDate "2009.05.20"]
[SourceQuality "1"]
[WhiteTeam "Plauen Koenig"]
[BlackTeam "Schoeneck"]
[WhiteTeamCountry "GER"]
[BlackTeamCountry "GER"]

1. Nf3 d5 2. d4 Nf6 3. c4 c6 4. Nbd2 e6 5. g3 Nbd7 6. Bg2 Be7 7. 0-0 0-0 8. Qc2 b6 9. e4 Bb7 10. e5 Ne8 11. b3 dxc4 12. Nxc4 Nc7 13. Qe4 Rb8 14. Qg4 f5 15. exf6 Nxf6 16. Qh3 c5 17. dxc5 Bxc5 18. Bf4 Nfd5 19. Ng5 h6 20. Nxe6 Nxf4 21. Nxf4 Bxg2 22. Qxg2 Qf6 23. Rad1 Rf7 24. Kh1 Re8 25. a4 Rfe7 26. Nd5 Nxd5 27. Qxd5+ Qf7 28. Qxf7+ Rxf7 29. Kg2 Re2 30. Rd2 Rxd2 31. Nxd2 Rd7 32. Ne4 Bb4 33. Rb1 Kf7 34. Kf3 Ke6 35. Ke3 Rc7 36. h4 h5 37. Rd1 Be7 38. Kf4 g6 39. f3 a6 40. Rd3 b5 41. axb5 axb5 42. Nc3 Rc5 43. Ne4 Rc6 44. Re3 Kf7 45. Ke5 b4 46. f4 Ra6 47. Kd5 Ra5+ 48. Kc4 Ra1 49. Ng5+ Kf8 50. Re6 Rc1+ 51. Kb5 Rc3 52. Rxg6 Rxb3 53. f5 Bxg5 54. Rxg5 Kf7 55. Kc4 Rf3 56. Kxb4 Kf6 1/2-1/2

[Event "BL2-Ost 0708"]
[Site "Germany"]
[Date "2007.11.04"]
[Round "2.3"]
[White "Speckner, Roland"]
[Black "Marchio, Enrico"]
[Result "0-1"]
[WhiteElo "2360"]
[BlackElo "2283"]
[PlyCount "76"]
[EventDate "2007.10.21"]
[EventType "team-tourn"]
[EventRounds "9"]
[EventCountry "GER"]
[SourceTitle "EXT 2009"]
[Source "ChessBase"]
[SourceDate "2008.11.26"]
[SourceVersion "1"]
[SourceVersionDate "2008.11.26"]
[SourceQuality "1"]
[WhiteTeam "Regensburg Fortuna"]
[BlackTeam "Schoeneck "]
[WhiteTeamCountry "GER"]
[BlackTeamCountry "GER"]

1. g3 g6 2. Bg2 Bg7 3. e4 e5 4. Nc3 Nc6 5. d3 d6 6. Be3 Nf6 7. Qc1 Be6 8. Bh6 Bxh6 9. Qxh6 d5 10. exd5 Nxd5 11. Nf3 Nxc3 12. bxc3 Qd6 13. 0-0 0-0-0 14. Rfe1 Bd5 15. Qe3 Rhe8 16. c4 Bxf3 17. Qxf3 f5 18. Rab1 Rd7 19. Qe3 b6 20. c5 bxc5 21. Qc1 Nb4 22. Qa3 c6 23. Qa4 Ree7 24. a3 Nd5 25. Qa6+ Kd8 26. Rb3 Ke8 27. Reb1 Kf7 28. Qc4 Kg7 29. Rb8 Rf7 30. Re8 Nb6 31. Qa6 c4 32. dxc4 e4 33. Bf1 Qc5 34. Re1 f4 35. gxf4 Rxf4 36. Re2 Qg5+ 37. Kh1 Rd1 38. Qxa7+ Rf7 0-1